| 000 | 01107nam0a22002531 4500 | ||
|---|---|---|---|
| 001 | rc\2692707 | ||
| 005 | 20110915161347.3 | ||
| 035 | _a(NLR Aleph) 006820941 | ||
| 090 |
_a6442810 _c6442810 |
||
| 100 | _a20110915d1933 |||y0rusy50 ca | ||
| 101 | 0 | _arus | |
| 102 | _aRU | ||
| 105 | _ay z |||h| | ||
| 200 | 1 |
_aО работе в деревне _eРечь на объединенном пленуме ЦК и ЦКК ВКП(б) 11 янв. 1933 г. _eЦели и задачи политических отделов МТС и совхозов _eРезолюция объединенного пленума ЦК и ЦКК ВКП(б) _fТехпроп НКЗ СССР |
|
| 210 |
_aМосква _cКолхозная многотиражка _d1933 |
||
| 215 |
_a48 с. _d12 см. |
||
| 300 | _aБез тит. л. | ||
| 700 | 1 |
_aСталин _bИ. В. _gИосиф Виссарионович |
|
| 712 | 0 | 2 |
_aВКП(б) _bЦК _bОбъединенный пленум ЦК и ЦКК _f1933, январь |
| 801 | 0 |
_aRU _bNLR _gpsbo |
|
| 801 | 1 |
_aRU _bELAR _2rusmarc |
|
| 852 |
_aNLR _jС 1-33/2-8 |
||
| 942 | _cBOOK | ||
| 980 | _aNB | ||